000
00279nam a2200109Ia 4500
008
230907s9999||||xx |||||||||||||| ||und||
082
_a
333.79,ENE
245
0
_a
Energy technology and valuation issues/
260
_a
Springer
_b
New York
_c
2015
300
_a
x, 229p.:
942
_c
BK
999
_c
597555
_d
597555